Quiz Culture G. (10) - Statistiques

Statistiques générales
  • Ce quiz a été pris 184 fois
  • Le résultat moyen est 10 sur 20
Statistiques - réponses
Réponse % Correct
En quelle année Christophe Colomb découvre-t-il l'Amérique ? 1492
82%
En 2021, quel rappeur met l'ambiance avec "La kiffance" ? Naps
74%
De quel fruit la gariguette est-elle une variété connue ? Fraise
73%
Quel mot décrit un corps en dessous de sa température "habituelle" de 35 degrés ? Hypothermie
70%
Quel est le prénom de la bien aimée d'Aladdin ? Jasmine
70%
Dans quel club Kylian Mbappe a-t-il démarré sa carrière professionnelle ? Monaco
63%
Le 5 décembre 2017, quel décès a marqué la France ? Johnny Hallyday
54%
Quel humoriste joue et co-réalise les films Ducobu ? Elie Semoun
47%
Avec quelle autre (ancienne) athlète, Teddy Riner a-t-il allumé la vasque pour les JO 2024 ? Marie José Perec
47%
Quel plat imaginaire était le préféré de Casimir dans l'Ile aux Enfants ? Gloubi-boulga
44%
Que signifie la lettre A du sigle CECA, ancêtre lointain de l'Union Européenne ? Acier
43%
Qui est l'auteur des "Lettres persanes" ? Montesquieu
42%
Quel est le chef lieu du département du Gard ? Nimes
42%
Quel acteur franco américain est à l'affiche des films "Interstellar" et "Dune" ? Timothée Chalamet
40%
Quel archipel a inspiré à Charles Darwin sa théorie sur l'évolution ? Galapagos
36%
Comment dit on pomme en espagnol ? Manzana
35%
A qui est associé la pyramide des besoins mettant en relief les 5 types de besoins fondamentaux de l'être humain ? Maslow
35%
A quel groupe doit on le titre culte "Zombie" The Cramberries
30%
A quel ancien ministre associe-t-on la loi de 1991 interdisant de fumer dans les lieux publics ? Evin
26%
Avec quel tube le gagnant de la Star Academy 2023, Pierre Garnier a-t-il connu son 1er succès ? Ceux qu'on était
16%
Aucun quiz correspondant
Distribution des résultats
% des personnes avec chaque résultat
Percentile par nombre de réponses
Votre historique - résultats
Vous n’avez pas pris ce quiz